000 01581nam0a2200337 4500
001 RU\NLR\bibl\1828138
005 20260405085842.0
010 _a978-5-91476-006-6
_9800
021 _aRU
_b2011-97144
_96959
035 _a(NLR Aleph) 001818656
090 _a1974287
_c1974287
100 _a20111007d2011 |||y0rusy50 ca
101 0 _arus
102 _aRU
105 _aah |||||||||
200 1 _aСказания и повести о местночтимых святых и чудотворных иконах Вычегодско-Северодвинского края XVI-XVIII веков
_eтексты и исследования
_fА.Н. Власов
_gИн-т рус. лит. (Пушкин. Дом) Рос. Акад. наук
210 _aСанкт-Петербург
_cПушкинский Дом
_d2011
215 _a780, [1] с., [9] л. ил., цв. ил., факс.
_d24
300 _aНа обл. авт. не указан
320 _aБиблиогр.: с. 772-778
606 1 _aСвятые православные русские
_92175888
_3RU\NLR\auth\661308671
606 1 _aИконы православные чудотворные
_92133641
_3RU\NLR\auth\661286881
686 _aЭ372.24-574.3
700 1 _4070
_8rus
_7ca
_aВласов
_bА. Н.
_cд-р филол. наук, фольклорист
_f1955-
_gАндрей Николаевич
_3RU\NLR\auth\7731703
_914713
801 0 _aRU
_bNLR
_c20111007
_gRCR
801 1 _aRU
_bNLR
_c20111007
942 _cBOOK
980 _aNB
980 _aNBR